8 mots dans mots : dur (mort subite) - Statistiques

Statistiques générales
  • Ce quiz a été pris 64 fois
  • Le résultat moyen est 6 sur 8
Answers on the Grid
Answers color-coded by a green-red scale on the quiz's grid according to % correct below.
Procé---ière
Pseu---humatisme
Semi - ---able
Déso---iser
Pseud---accourci
Per---er
Péri---ale
Subo---er
Ren---mir
Vide-or---es
Conquista---es
Froi---e
In---er
---loter
A---ablement
En---cissement
 
Statistiques - réponses
Réponse % Correct
Procé---ière
90%
Semi - ---able
88%
Péri---ale
82%
Per---er
78%
Vide-or---es
75%
En---cissement
73%
Froi---e
59%
In---er
33%
Aucun quiz correspondant
Distribution des résultats
% des personnes avec chaque résultat
Percentile par nombre de réponses
Votre historique - résultats
Vous n’avez pas pris ce quiz